Associated schools project in education for international co-operation and peace: list of participating institutions

Guardado en:
Detalles Bibliográficos
Formato: Libro
Lenguaje:inglés
Publicado: París UNESCO 1990
Materias:
Etiquetas: Agregar Etiqueta
Sin Etiquetas, Sea el primero en etiquetar este registro!

MARC

LEADER 00000nam a2200000 a 4500
001 UCW6276
003 CL-VaPUC
008 911119e19900000FR |||||||||||||||||eng|d
082 0 4 |a 370.196  |b ASS  |2 21 
245 1 0 |a Associated schools project in education for international co-operation and peace: list of participating institutions 
246 1 0 |a Systeme des ecoles associées appliquant un programme d'éducation por la coopération internationale et la paix: liste des établissements participants 
246 1 0 |a Plan de escuelas asociadas en la educación para la cooperación internacional y la paz: lista de instituciones participantes 
300 |a 100 p 
942 |c BK 
945 |d 19911119 00:00:00 
260 |a París  |b UNESCO  |c 1990 
650 7 |a COOPERACION INTERNACIONAL EDUCATIVA  |2 CL-VaPUC  |9 311315 
650 0 |a Asistencia educativa   |9 308021 
650 7 |a DIRECTORIOS  |2 CL-VaPUC  |9 257460 
583 |a last modification  |c 19911119 00:00:00  |k Rodrigo Vera 
999 |c 219398  |d 219396 
952 |0 0  |1 0  |4 0  |6 370_196000000000000_ASS_1990  |7 0  |8 P  |9 210304  |a BIBEDU  |b BIBEDU  |c BIBEDU_PB  |d 2019-11-15  |i 2783789  |o 370.196 ASS 1990  |p 2783789  |r 2024-01-25  |w 2019-11-15  |y BK  |k EDU